000 00721nam a2200217Ii 4500
003 JO-AjNU
008 230605s9999||||xx |||||||||||||| ||und||
017 _a1993/1984
020 _a977-5344-67-0
040 _aJO-AjNU
_bara
_erda
_cJO-AjNU
041 _aara
050 1 4 _aPJ7832.I25.A17 1993
100 3 _aتأليف حجازي،أحمد عبد المعطي,
_eauthor
_917978
245 0 0 _aالأعمال الكاملة للشاعر أحمد عبد المعطي حجازي
264 3 1 _aالكويت:دار سعاد الصباح،1993
300 _a653ص
336 _atext
_btxt
_2rdacontent
337 _aunmediated
_bn
_2rdamedia
338 _avolume
_bnc
_2rdacarrier
650 4 _aالشعر العربي
_917979
999 _aA5664
_c9232
_d9232